| 000 | 01277nam a2200289Ia 4500 | ||
|---|---|---|---|
| 999 |
_c52964 _d52964 |
||
| 001 | 19995 | ||
| 003 | GE_BSU | ||
| 005 | 20221011115952.0 | ||
| 008 | 181216s2015||||ge |||||||||||||| ||geo|| | ||
| 020 | _a9789941077579 | ||
| 040 | _cGE_BSU | ||
| 041 | _ageo | ||
| 080 | _a1(37/38) თ-41 | ||
| 100 |
_aთევზაძე, გურამ _915233 |
||
| 245 |
_aანტიკური ფილოსოფია / _cგურამ თევზაძე ; რედაქტორი ლელა ალექსიძე ; მხატვარი ოთარ მეგრელიძე. |
||
| 250 | _aმეორე შესწორებული გამოცემა | ||
| 264 |
_aთბილისი : _bCarpe diem, _c2015. |
||
| 300 |
_a205 გვ. ; _b20 სმ. |
||
| 504 | _aბიბლ.გვ. 200-204 | ||
| 541 | _h11 ლ. | ||
| 653 | _aანტიკური ფილოსოფია | ||
| 653 | _aძველი ბერძნული ფილოსოფია | ||
| 653 | _aრომაული ფილოსოფია | ||
| 700 |
_aალექსიძე, ლელა _eრედაქტორი _912513 |
||
| 700 |
_aმეგრელიძე, ოთარ _eმხატვარი _913956 |
||
| 942 |
_cBK _2udc |
||